[Event "Philadelphia Int 5th"]
[Site "Philadelphia"]
[Date "1994.06.??"]
[Round "6"]
[White "Abbasi, Nasser M"]
[Black "Mengarini, Ariel"]
[Result "1-0"]
[WhiteElo "2275"]
[BlackElo "2255"]
[PlyCount "73"]
[EventDate "1994.06.24"]
[EventType "swiss"]
[EventRounds "9"]
[EventCountry "USA"]
[SourceTitle "EXT 2024"]
[Source "ChessBase"]
[SourceDate "2023.10.10"]
[SourceVersion "1"]
[SourceVersionDate "2023.10.10"]
[SourceQuality "1"]

1. e4 e5 2. Nf3 Nc6 3. d4 exd4 4. Nxd4 Bc5 5. Nxc6 Qf6 6. Qd2 Qxc6 7. Bd3 Nf6 8. 0-0 0-0 9. Nc3 Bb4 10. Qf4 Bxc3 11. bxc3 d6 12. Rb1 a6 13. c4 Re8 14. Re1 Ng4 15. Bb2 Ne5 16. Qg3 Re6 17. f4 Rg6 18. Qf2 Nxd3 19. cxd3 Bh3 20. g3 f6 21. f5 Rg5 22. Bc1 Rg4 23. Qd4 b5 24. Qd5+ Qxd5 25. cxd5 g6 26. fxg6 Rxg6 27. Bb2 f5 28. exf5 Bxf5 29. Re3 Rf8 30. Rc1 Bh3 31. Re4 Rg5 32. Rh4 Bf5 33. Rxc7 Bxd3 34. Rh6 Rf1+ 35. Kg2 Rxd5 36. Re6 Kf8 37. Bg7+ 1-0

[Event "Chicago Int 3rd"]
[Site "Chicago"]
[Date "1994.04.23"]
[Round "7"]
[White "Formanek, Edward W"]
[Black "Abbasi, Nasser M"]
[Result "1-0"]
[WhiteElo "2320"]
[BlackElo "2275"]
[PlyCount "59"]
[EventDate "1994.04.20"]
[EventType "swiss"]
[EventRounds "9"]
[EventCountry "USA"]
[SourceTitle "EXT 1997"]
[Source "ChessBase"]
[SourceDate "1996.11.15"]
[SourceVersion "1"]
[SourceVersionDate "1996.11.15"]
[SourceQuality "1"]

1. d4 Nf6 2. c4 g6 3. Nc3 Bg7 4. e4 d6 5. f4 0-0 6. Nf3 c5 7. d5 e6 8. dxe6 fxe6 9. Be2 Nc6 10. 0-0 a6 11. Kh1 e5 12. fxe5 dxe5 13. Qxd8 Rxd8 14. Bg5 Bg4 15. Na4 Bxf3 16. Bxf3 Rd4 17. Be3 Rd3 18. Bxc5 Nd4 19. Rad1 Rxd1 20. Rxd1 Rc8 21. Bxd4 Rxc4 22. Bxe5 Rxa4 23. Bc3 h5 24. h3 g5 25. Rd6 Kf7 26. e5 Ne4 27. e6+ Kg8 28. Rd8+ Kh7 29. Bxe4+ Rxe4 30. Rd7 1-0

[Event "Chicago Int 3rd"]
[Site "Chicago"]
[Date "1994.04.21"]
[Round "3"]
[White "Miles, Anthony John"]
[Black "Abbasi, Nasser M"]
[Result "1-0"]
[WhiteElo "2590"]
[BlackElo "2275"]
[PlyCount "77"]
[EventDate "1994.04.20"]
[EventType "swiss"]
[EventRounds "9"]
[EventCountry "USA"]
[SourceTitle "EXT 1997"]
[Source "ChessBase"]
[SourceDate "1996.11.15"]
[SourceVersion "1"]
[SourceVersionDate "1996.11.15"]
[SourceQuality "1"]

1. d4 Nf6 2. Nf3 g6 3. c3 Bg7 4. Bg5 0-0 5. Nbd2 d5 6. e3 b6 7. Be2 Bb7 8. 0-0 Nbd7 9. b4 a5 10. b5 Ne8 11. h3 Nd6 12. Qb3 f6 13. Bf4 a4 14. Qb4 e5 15. Bh2 Kh8 16. Rac1 Ra5 17. Rfd1 Re8 18. c4 exd4 19. Nxd4 Bf8 20. Qc3 Nc5 21. Bf3 Bg7 22. cxd5 f5 23. Qc2 Be5 24. Ne6 Bxh2+ 25. Kxh2 Nxe6 26. dxe6 Bxf3 27. Nxf3 Ra7 28. Qb2+ Kg8 29. Qe5 Qe7 30. Nd4 Raa8 31. Rc2 Rac8 32. Rdc1 h6 33. g3 h5 34. h4 Kh7 35. Nf3 Rf8 36. Rc6 Kg8 37. Ng5 f4 38. exf4 Rf5 39. Qxd6 1-0

[Event "Queen City op 18th"]
[Site "Manchester"]
[Date "1994.02.??"]
[Round "4"]
[White "Abbasi, Nasser M"]
[Black "Carter, David"]
[Result "1/2-1/2"]
[WhiteElo "2307"]
[BlackElo "2303"]
[PlyCount "122"]
[EventDate "1994.02.??"]
[EventType "swiss"]
[EventRounds "5"]
[EventCountry "USA"]
[SourceTitle "EXT 2005"]
[Source "ChessBase"]
[SourceDate "2004.11.15"]
[SourceVersion "1"]
[SourceVersionDate "2004.11.15"]
[SourceQuality "1"]

1. e4 c5 2. Nf3 d6 3. Bb5+ Bd7 4. Bxd7+ Qxd7 5. 0-0 Nc6 6. c3 Nf6 7. Re1 e6 8. d4 cxd4 9. cxd4 d5 10. e5 Ne4 11. Nc3 Nxc3 12. bxc3 Be7 13. Ng5 0-0 14. Qg4 f5 15. exf6 Rxf6 16. Qh5 h6 17. Nh3 Bd6 18. f4 Ne7 19. Qe2 Raf8 20. Bd2 Bb8 21. g3 Rg6 22. Nf2 Bxf4 23. Bxf4 Rxf4 24. Kh1 Rf5 25. Nd3 Rgf6 26. g4 Rg5 27. h4 Rgg6 28. Ne5 Qc8 29. Rac1 Nc6 30. Nxg6 Rxg6 31. Rg1 e5 32. dxe5 Re6 33. Qf3 Rxe5 34. Rcf1 Qd8 35. Qf7+ Kh8 36. g5 Re8 37. Rf4 Ne5 38. Qf5 g6 39. Qf6+ Qxf6 40. gxf6 Rf8 41. Rd1 Nd7 42. Rxd5 Nxf6 43. Rd6 Kg7 44. Kg2 g5 45. hxg5 hxg5 46. Rc4 Rf7 47. a4 Re7 48. Rd8 Kg6 49. Ra8 a6 50. Rac8 g4 51. R8c7 Re2+ 52. Kf1 Rb2 53. Rb4 Rc2 54. Rbxb7 Kg5 55. Rb6 Ne4 56. Rxa6 g3 57. Ra8 Kf4 58. Rf8+ Ke3 59. Re7 Rxc3 60. Rfe8 Rc1+ 61. Kg2 Rc2+ 1/2-1/2

[Event "London4"]
[Site "London"]
[Date "1994.??.??"]
[Round "?"]
[White "Abbasi, Nasser M"]
[Black "Britton, Richard"]
[Result "0-1"]
[WhiteElo "2275"]
[BlackElo "2300"]
[PlyCount "108"]
[EventDate "1994.??.??"]
[EventType "tourn"]
[EventRounds "14"]
[EventCountry "ENG"]
[SourceTitle "EXT 1999"]
[Source "ChessBase"]
[SourceDate "1998.11.16"]
[SourceVersion "1"]
[SourceVersionDate "1998.11.16"]
[SourceQuality "1"]

1. e4 c5 2. Nf3 d6 3. d4 cxd4 4. Nxd4 Nf6 5. Nc3 a6 6. Bg5 e6 7. f4 Be7 8. Qf3 Qc7 9. 0-0-0 Nbd7 10. Bd3 h6 11. Bh4 g5 12. e5 gxh4 13. exf6 Nxf6 14. f5 e5 15. Nde2 Bd7 16. Be4 Bc6 17. Nd5 Bxd5 18. Bxd5 Rc8 19. Nc3 b5 20. Bb3 Rg8 21. g3 Qc5 22. Nd5 Kf8 23. Nxf6 Bxf6 24. Qb7 Rc7 25. Qxa6 hxg3 26. hxg3 Rxg3 27. Qxd6+ Qxd6 28. Rxd6 Kg7 29. Kd1 e4 30. Ke2 Bg5 31. Rd5 Kf6 32. Rxb5 Re3+ 33. Kf2 Rf3+ 34. Ke2 Re3+ 35. Kf2 Rf3+ 36. Ke2 Rxf5 37. a4 Rxb5 38. axb5 Ke5 39. c4 f5 40. Rd1 Be7 41. b6 Rb7 42. Rd5+ Kf4 43. c5 Bxc5 44. Rxc5 Rxb6 45. Rc3 h5 46. Kd2 h4 47. Kc1 Rh6 48. Rh3 Kg4 49. Rh1 h3 50. Bc4 h2 51. Kd2 Kg3 52. Ke3 Kg2 53. Rxh2+ Kxh2 54. Kf4 Rh4+ 0-1

[Event "New York op"]
[Site "New York"]
[Date "1994.??.??"]
[Round "8"]
[White "Abbasi, Nasser M"]
[Black "Gonzalez Garcia, Jose"]
[Result "1/2-1/2"]
[WhiteElo "2275"]
[BlackElo "2420"]
[PlyCount "104"]
[EventDate "1994.03.30"]
[EventType "swiss"]
[EventRounds "9"]
[EventCountry "USA"]
[SourceTitle "CBM 040 Extra"]
[Source "ChessBase"]
[SourceDate "1994.07.01"]
[SourceVersion "1"]
[SourceVersionDate "1994.07.01"]
[SourceQuality "1"]

1. e4 c5 2. Nf3 d6 3. d4 cxd4 4. Nxd4 Nf6 5. Nc3 Nc6 6. Bg5 e6 7. Qd2 a6 8. 0-0-0 h6 9. Bf4 Bd7 10. Nxc6 Bxc6 11. Qe1 Qc7 12. Bc4 Be7 13. Bb3 b5 14. f3 0-0 15. Kb1 b4 16. e5 dxe5 17. Bxe5 Qa5 18. Bxf6 Bxf6 19. Ne4 Be7 20. Nf2 Qf5 21. Ng4 a5 22. Bc4 Bb5 23. Qg3 Kh8 24. Bxb5 Qxb5 25. Qc7 Rfe8 26. Qe5 Qxe5 27. Nxe5 Kg8 28. Rd7 Rad8 29. Rhd1 Rxd7 30. Rxd7 Rd8 31. Rxd8+ Bxd8 32. a4 bxa3 33. bxa3 Bc7 34. Nc4 Kf8 35. h3 Ke7 36. Ka2 Kd7 37. Kb3 Kc6 38. Ka4 Kc5 39. Nxa5 Bxa5 40. Kxa5 e5 41. Ka4 Kc4 42. g4 f6 43. Ka5 g6 44. Kb6 f5 45. gxf5 gxf5 46. a4 e4 47. fxe4 fxe4 48. a5 e3 49. a6 e2 50. a7 e1Q 51. a8Q Qe3+ 52. Kc7 Qe7+ 1/2-1/2

[Event "London4"]
[Site "London"]
[Date "1994.??.??"]
[Round "?"]
[White "Abbasi, Nasser M"]
[Black "Maduekwe, Chiedu U"]
[Result "0-1"]
[WhiteElo "2275"]
[BlackElo "2235"]
[PlyCount "112"]
[EventDate "1994.??.??"]
[EventType "tourn"]
[EventRounds "14"]
[EventCountry "ENG"]
[SourceTitle "EXT 1999"]
[Source "ChessBase"]
[SourceDate "1998.11.16"]
[SourceVersion "1"]
[SourceVersionDate "1998.11.16"]
[SourceQuality "1"]

1. e4 e6 2. d4 d5 3. Nd2 dxe4 4. Nxe4 Bd7 5. Nf3 Bc6 6. Bd3 Nd7 7. 0-0 Ngf6 8. Qe2 Be7 9. Bf4 0-0 10. Rad1 Bxe4 11. Bxe4 Nxe4 12. Qxe4 c6 13. c4 Qa5 14. a3 Nf6 15. Qe2 Rad8 16. Ne5 c5 17. dxc5 Qxc5 18. b4 Qc8 19. Be3 Qc7 20. Bd4 a5 21. Qe3 Rd6 22. Rd3 axb4 23. axb4 Rfd8 24. Rfd1 Nd7 25. Qg3 f6 26. Nxd7 R6xd7 27. Qxc7 Rxc7 28. c5 Rcd7 29. R3d2 e5 30. Bc3 Rxd2 31. Rxd2 Rxd2 32. Bxd2 Kf7 33. f4 Ke6 34. Kf2 exf4 35. Bxf4 Kd5 36. g4 g6 37. Kf3 Bf8 38. h4 Be7 39. Bg3 Bf8 40. h5 Bh6 41. Be1 Bc1 42. hxg6 hxg6 43. Bh4 Bb2 44. Ke3 Kc4 45. Ke4 Bc3 46. Bf2 Bxb4 47. Bd4 f5+ 48. gxf5 gxf5+ 49. Ke5 Bc3 50. Bxc3 Kxc3 51. Kxf5 Kd4 52. Kf4 Kxc5 53. Ke3 Kc4 54. Kd2 Kb3 55. Kc1 b5 56. Kb1 b4 0-1

[Event "US Open-95"]
[Site "Chicago"]
[Date "1994.??.??"]
[Round "?"]
[White "Abbasi, Nasser M"]
[Black "Sharma, Arun"]
[Result "1-0"]
[WhiteElo "2280"]
[BlackElo "2285"]
[PlyCount "67"]
[EventDate "1994.08.07"]
[EventType "swiss"]
[EventRounds "12"]
[EventCountry "USA"]
[SourceTitle "EXT 1998"]
[Source "ChessBase"]
[SourceDate "1997.11.17"]
[SourceVersion "1"]
[SourceVersionDate "1997.11.17"]
[SourceQuality "1"]

1. e4 c5 2. Nf3 e6 3. d4 cxd4 4. Nxd4 Nf6 5. Nc3 d6 6. g4 Nc6 7. g5 Nd7 8. Be3 Be7 9. h4 a6 10. Qd2 Nde5 11. Be2 Na5 12. b3 0-0 13. f4 Nec6 14. Bf3 Nxd4 15. Bxd4 Nc6 16. Be3 Re8 17. 0-0 b5 18. Rad1 Bd7 19. Ne2 Qc7 20. Bg2 Bf8 21. Kh1 Rac8 22. h5 b4 23. Rf2 a5 24. Nd4 Nxd4 25. Bxd4 Bb5 26. f5 exf5 27. exf5 Bc6 28. g6 Bxg2+ 29. Rxg2 fxg6 30. hxg6 hxg6 31. fxg6 Be7 32. Qf4 Bf6 33. Qh2 Bxd4 34. Rf1 1-0

[Event "London4"]
[Site "London"]
[Date "1994.??.??"]
[Round "?"]
[White "Beaumont, Chris"]
[Black "Abbasi, Nasser M"]
[Result "0-1"]
[WhiteElo "2365"]
[BlackElo "2275"]
[PlyCount "112"]
[EventDate "1994.??.??"]
[EventType "tourn"]
[EventRounds "14"]
[EventCountry "ENG"]
[SourceTitle "EXT 1999"]
[Source "ChessBase"]
[SourceDate "1998.11.16"]
[SourceVersion "1"]
[SourceVersionDate "1998.11.16"]
[SourceQuality "1"]

1. Nf3 Nf6 2. c4 g6 3. Nc3 Bg7 4. e4 d6 5. d4 0-0 6. Be2 e5 7. 0-0 Nc6 8. d5 Ne7 9. Ne1 Nd7 10. Be3 f5 11. f3 f4 12. Bf2 g5 13. a4 a5 14. Nd3 b6 15. Be1 Nf6 16. Nf2 h5 17. h3 Bd7 18. b4 axb4 19. Nb5 b3 20. Qxb3 Qc8 21. a5 Bh6 22. Ra3 Qb7 23. Bb4 Kh7 24. Rfa1 Nc8 25. axb6 Rxa3 26. Qxa3 Bxb5 27. cxb5 Qxb6 28. Qa5 Nd7 29. Rc1 Nc5 30. Qa3 Rf7 31. Bxc5 dxc5 32. Qxc5 Qxc5 33. Rxc5 Bf8 34. Rc1 Kg7 35. Nd3 Bd6 36. Nc5 Bxc5+ 37. Rxc5 Nd6 38. Bd3 Kf8 39. Rc6 Rd7 40. Kf2 h4 41. Ke1 Ke7 42. Kd2 Kd8 43. Ra6 Ke7 44. Kc3 Rd8 45. Ra7 Rd7 46. Kb4 c5+ 47. dxc6 Rxa7 48. b6 Ra2 49. Kc5 Rxg2 50. b7 Rb2 51. Ba6 g4 52. fxg4 f3 53. c7 Nxb7+ 54. Bxb7 f2 55. Ba6 Rc2+ 56. Kb6 Kd6 0-1

[Event "US op rapid 60'"]
[Site "Chicago"]
[Date "1994.??.??"]
[Round "?"]
[White "Brooks, Michael A"]
[Black "Abbasi, Nasser M"]
[Result "1-0"]
[WhiteElo "2450"]
[BlackElo "2280"]
[PlyCount "81"]
[EventDate "1994.??.??"]
[EventType "swiss (rapid)"]
[EventRounds "7"]
[EventCountry "USA"]
[SourceTitle "EXT 1997"]
[Source "ChessBase"]
[SourceDate "1996.11.15"]
[SourceVersion "1"]
[SourceVersionDate "1996.11.15"]
[SourceQuality "1"]

1. e4 c5 2. Nf3 d6 3. d4 cxd4 4. Nxd4 Nf6 5. Nc3 a6 6. Bc4 e6 7. Bb3 b5 8. f3 Bb7 9. Be3 Nbd7 10. a3 Rc8 11. Qe2 Nc5 12. Ba2 Be7 13. 0-0 0-0 14. Rfd1 Qc7 15. Rd2 Rfe8 16. Rad1 Bf8 17. b4 Ncd7 18. Ncxb5 axb5 19. Nxb5 Qb8 20. Nxd6 Bxd6 21. Rxd6 Nf8 22. c4 Qa8 23. Qb2 Rcd8 24. c5 Rxd6 25. Rxd6 Rd8 26. Rxd8 Qxd8 27. Qc2 Qa8 28. a4 Nxe4 29. b5 Qa5 30. Kf1 Nf6 31. c6 Bc8 32. Bd2 Qc7 33. g3 e5 34. a5 e4 35. b6 Bh3+ 36. Kg1 Qe5 37. Qc3 Qb5 38. Qc4 Qxc4 39. Bxc4 N6d7 40. cxd7 Nxd7 41. b7 1-0

[Event "Wrexham"]
[Site "Wrexham"]
[Date "1994.??.??"]
[Round "?"]
[White "Dive, Russell John"]
[Black "Abbasi, Nasser M"]
[Result "1-0"]
[WhiteElo "2315"]
[BlackElo "2280"]
[PlyCount "51"]
[EventDate "1994.10.??"]
[EventType "tourn"]
[EventRounds "9"]
[EventCountry "WLS"]
[EventCategory "7"]
[SourceTitle "CBM 045 Extra"]
[Source "ChessBase"]
[SourceDate "1995.05.01"]
[SourceVersion "1"]
[SourceVersionDate "1995.05.01"]
[SourceQuality "1"]

1. d4 Nf6 2. c4 g6 3. Nc3 Bg7 4. e4 d6 5. Nge2 0-0 6. Ng3 e5 7. d5 Ne8 8. Be2 f5 9. exf5 gxf5 10. f4 Qh4 11. 0-0 e4 12. Be3 Nd7 13. Rb1 Ndf6 14. Nb5 Bh6 15. c5 a6 16. Nd4 Ng7 17. cxd6 cxd6 18. Rc1 Nfe8 19. Qb3 Qe7 20. Rc2 Kh8 21. Rfc1 Qd7 22. Ne6 Rf7 23. Bh5 Nxh5 24. Nxh5 Bg7 25. Nhxg7 Nxg7 26. Bd4 1-0

[Event "Balatonbereny op"]
[Site "Balatonbereny"]
[Date "1994.??.??"]
[Round "4"]
[White "Kahn, Evarth"]
[Black "Abbasi, Nasser M"]
[Result "1/2-1/2"]
[WhiteElo "2320"]
[BlackElo "2280"]
[PlyCount "106"]
[EventDate "1994.09.??"]
[EventType "swiss"]
[EventRounds "9"]
[EventCountry "HUN"]
[SourceTitle "EXT 1997"]
[Source "ChessBase"]
[SourceDate "1996.11.15"]
[SourceVersion "1"]
[SourceVersionDate "1996.11.15"]
[SourceQuality "1"]

1. d4 Nf6 2. c4 g6 3. Nc3 Bg7 4. e4 d6 5. f4 0-0 6. Nf3 c5 7. d5 e6 8. Be2 exd5 9. cxd5 Na6 10. e5 Ne8 11. 0-0 Nac7 12. h3 Qe7 13. Re1 Bd7 14. Bf1 Rd8 15. Ne4 Bc8 16. exd6 Nxd6 17. Nxc5 Qf6 18. Ne5 Nf5 19. Qb3 Nxd5 20. Rd1 Qb6 21. Qxb6 Nxb6 22. Bd2 Nd5 23. Bc4 Nde3 24. Bxf7+ Rxf7 25. Nxf7 Kxf7 26. Bxe3 Rxd1+ 27. Rxd1 Nxe3 28. Rd8 b6 29. Rxc8 bxc5 30. Rxc5 Bd4 31. Rc7+ Kg8 32. Rd7 Bb6 33. Kf2 Nc4+ 34. Kf3 Nxb2 35. g4 Na4 36. h4 Nc3 37. h5 gxh5 38. gxh5 h6 39. Kg4 Nxa2 40. Kf5 Nc3 41. Kg6 Ne2 42. f5 a5 43. f6 Nf4+ 44. Kxh6 a4 45. Rd6 Be3 46. Ra6 Kf7 47. Kg5 Ne2+ 48. Kg4 Nd4 49. Rxa4 Kxf6 50. Ra3 Bh6 51. Ra6+ Ne6 52. Ra8 Nd4 53. Rg8 Bg7 1/2-1/2

[Event "New York op"]
[Site "New York"]
[Date "1994.??.??"]
[Round "9"]
[White "Martinovsky, Eugene Simeon"]
[Black "Abbasi, Nasser M"]
[Result "1/2-1/2"]
[WhiteElo "2325"]
[BlackElo "2275"]
[PlyCount "127"]
[EventDate "1994.03.30"]
[EventType "swiss"]
[EventRounds "9"]
[EventCountry "USA"]
[SourceTitle "CBM 040 Extra"]
[Source "ChessBase"]
[SourceDate "1994.07.01"]
[SourceVersion "1"]
[SourceVersionDate "1994.07.01"]
[SourceQuality "1"]

1. g3 Nf6 2. Bg2 g6 3. Nf3 Bg7 4. 0-0 0-0 5. d4 d6 6. Nc3 c5 7. e4 cxd4 8. Nxd4 Nbd7 9. Re1 a6 10. h3 Nc5 11. Nd5 e5 12. Nxf6+ Bxf6 13. Ne2 b5 14. Nc3 Bb7 15. Nd5 Bg7 16. c3 Rc8 17. Be3 h6 18. Qd2 Kh7 19. Rad1 Re8 20. Kh2 Na4 21. Qe2 Bxd5 22. Rxd5 Nb6 23. Rd3 Nc4 24. Bc1 Rc6 25. Red1 Qc7 26. h4 a5 27. Bf1 a4 28. h5 Rb8 29. a3 Nb6 30. Rf3 Nc4 31. Rdd3 Qe7 32. Rd5 Rb7 33. Qd1 Rbb6 34. b3 axb3 35. Qxb3 Qb7 36. hxg6+ fxg6 37. g4 Rc7 38. Rh3 Rf7 39. f3 Qa7 40. Rxb5 Rxb5 41. Qxb5 Qf2+ 42. Bg2 Ne3 43. Bxe3 Qxe3 44. Qd5 Ra7 45. Qxd6 Rb7 46. Qd1 Bf6 47. Kh1 Qf4 48. Bf1 Rb2 49. Be2 Rd2 50. Qf1 Rc2 51. Bd1 Rxc3 52. Rh2 Rxa3 53. Rb2 Ra1 54. Qd3 h5 55. gxh5 gxh5 56. Rb1 Ra7 57. Rb2 h4 58. Qd5 Rg7 59. Rb7 Qg3 60. Rxg7+ Bxg7 61. Qd7 h3 62. Qf5+ Kh6 63. Qe6+ Kg5 64. Qf5+ 1/2-1/2

[Event "Wrexham"]
[Site "Wrexham"]
[Date "1994.??.??"]
[Round "?"]
[White "Rayner, Francis"]
[Black "Abbasi, Nasser M"]
[Result "0-1"]
[WhiteElo "2285"]
[BlackElo "2280"]
[PlyCount "102"]
[EventDate "1994.10.??"]
[EventType "tourn"]
[EventRounds "9"]
[EventCountry "WLS"]
[EventCategory "7"]
[SourceTitle "CBM 045 Extra"]
[Source "ChessBase"]
[SourceDate "1995.05.01"]
[SourceVersion "1"]
[SourceVersionDate "1995.05.01"]
[SourceQuality "1"]

1. e4 c5 2. Nf3 d6 3. Bb5+ Bd7 4. Bxd7+ Qxd7 5. c4 Nc6 6. 0-0 g6 7. d4 cxd4 8. Nxd4 Bg7 9. Be3 Nf6 10. f3 0-0 11. Nc3 Rac8 12. b3 e6 13. Qd2 a6 14. Nde2 Rfe8 15. Rad1 d5 16. cxd5 exd5 17. Nxd5 Nxd5 18. Qxd5 Qxd5 19. Rxd5 f5 20. Ng3 Nb4 21. Rd2 Rc3 22. Bd4 Rc2 23. Bxg7 Rxd2 24. Bc3 Rxa2 25. Bxb4 f4 26. Nh1 Rb2 27. Bd6 Rxb3 28. Bxf4 a5 29. Nf2 a4 30. Ng4 Ra8 31. Be5 a3 32. Rd1 a2 33. Nh6+ Kf8 34. Kf2 Ke8 35. Ke2 Rb1 36. Rd5 a1Q 37. Bxa1 Raxa1 38. Ng4 h5 39. Nf6+ Kf7 40. e5 Ra2+ 41. Ke3 Rxg2 42. f4 Rxh2 43. Rd7+ Ke6 44. Rg7 Kf5 45. Nd5 Re1+ 46. Kf3 Rh3+ 47. Kf2 Rb1 48. Ne7+ Kxf4 49. Nxg6+ Kf5 50. e6 Rb2+ 51. Kg1 Rg3+ 0-1

[Event "Greater Boston op 60th"]
[Site "Watertown"]
[Date "1993.10.02"]
[Round "4"]
[White "Abbasi, Nasser M"]
[Black "Curdo, John"]
[Result "1/2-1/2"]
[WhiteElo "2278"]
[BlackElo "2407"]
[PlyCount "73"]
[EventDate "1993.10.??"]
[EventType "swiss"]
[EventRounds "4"]
[EventCountry "USA"]
[SourceTitle "EXT 2005"]
[Source "ChessBase"]
[SourceDate "2004.11.15"]
[SourceVersion "1"]
[SourceVersionDate "2004.11.15"]
[SourceQuality "1"]

1. e4 e5 2. Nf3 Nc6 3. Bb5 a6 4. Ba4 d6 5. 0-0 Nf6 6. Re1 Bg4 7. c3 Be7 8. d3 0-0 9. Nbd2 Nd7 10. Nf1 f5 11. Ne3 fxe4 12. dxe4 Bxf3 13. gxf3 Kh8 14. Bb3 Bg5 15. Be6 Bf4 16. Nf5 Bxc1 17. Rxc1 Nc5 18. Bc4 Ne7 19. b4 Nd7 20. Kh1 Nxf5 21. exf5 Rxf5 22. Rg1 Qe7 23. Qd5 Raf8 24. Qxb7 Rxf3 25. Rg2 Rxf2 26. Rcg1 Nb6 27. Rxf2 Rxf2 28. Rf1 Rxf1+ 29. Bxf1 Qf8 30. Kg1 g6 31. Qxc7 Nd5 32. Qc6 Qf3 33. Qxd6 Qe3+ 34. Kh1 Qf3+ 35. Kg1 Qg4+ 36. Kh1 Qe4+ 37. Kg1 1/2-1/2

[Event "Greater Boston op 60th"]
[Site "Watertown"]
[Date "1993.10.01"]
[Round "2"]
[White "Hertan, Charles E"]
[Black "Abbasi, Nasser M"]
[Result "1/2-1/2"]
[WhiteElo "2479"]
[BlackElo "2278"]
[PlyCount "114"]
[EventDate "1993.10.??"]
[EventType "swiss"]
[EventRounds "4"]
[EventCountry "USA"]
[SourceTitle "EXT 2005"]
[Source "ChessBase"]
[SourceDate "2004.11.15"]
[SourceVersion "1"]
[SourceVersionDate "2004.11.15"]
[SourceQuality "1"]

1. c4 c5 2. Nc3 Nc6 3. Nf3 Nf6 4. g3 e6 5. Bg2 d5 6. cxd5 Nxd5 7. 0-0 Be7 8. d4 cxd4 9. Nxd5 exd5 10. Nxd4 0-0 11. Be3 Nxd4 12. Bxd4 Be6 13. Qb3 b6 14. Rac1 Qd7 15. Rc2 Rac8 16. Rd2 Rc4 17. a3 Rfc8 18. Rfd1 Qc7 19. Qe3 Rc1 20. Bc3 Rxd1+ 21. Rxd1 Rd8 22. Qe5 Qxe5 23. Bxe5 f6 24. Bc3 Kf7 25. e3 Rd7 26. Kf1 f5 27. Be5 Bf6 28. Bxf6 Kxf6 29. Ke2 Ke5 30. f4+ Kd6 31. Rc1 Rc7 32. Rxc7 Kxc7 33. Kd3 Kd6 34. Kd4 Bf7 35. Bf1 Be6 36. Bd3 Bd7 37. g4 g6 38. g5 Bc6 39. h4 Bd7 40. Be2 Be8 41. Bd1 Bd7 42. h5 Be8 43. h6 Bd7 44. Bc2 Be6 45. Ba4 Bf7 46. Bb5 Ke6 47. b4 Kd6 48. Ba4 Ke6 49. Bc6 Kd6 50. b5 Be6 51. Be8 Bg8 52. a4 Ke6 53. a5 Kd6 54. axb6 axb6 55. Bc6 Bf7 56. Ba8 Be6 57. Bb7 Bg8 1/2-1/2

[Event "World op 21st"]
[Site "Philadelphia"]
[Date "1993.??.??"]
[Round "?"]
[White "Kreiman, Boris"]
[Black "Abbasi, Nasser M"]
[Result "0-1"]
[WhiteElo "2400"]
[BlackElo "2005"]
[PlyCount "84"]
[EventDate "1993.??.??"]
[EventType "swiss"]
[EventRounds "9"]
[EventCountry "USA"]
[SourceTitle "EXT 1999"]
[Source "ChessBase"]
[SourceDate "1998.11.16"]
[SourceVersion "1"]
[SourceVersionDate "1998.11.16"]
[SourceQuality "1"]

1. e4 c5 2. Nf3 d6 3. d4 cxd4 4. Qxd4 Nc6 5. Bb5 Bd7 6. Bxc6 Bxc6 7. Nc3 Nf6 8. Bg5 e6 9. 0-0-0 Be7 10. Rhe1 Qa5 11. Nd5 Bxd5 12. exd5 Qxa2 13. dxe6 fxe6 14. Rd3 e5 15. Nxe5 dxe5 16. Rxe5 0-0 17. Rxe7 Qa1+ 18. Kd2 Qa5+ 19. Ke2 Qxg5 20. Rxg7+ Qxg7 21. Rg3 Rae8+ 22. Kf1 Qxg3 23. hxg3 Ne4 24. f3 Nxg3+ 25. Kf2 Nf5 26. Qxa7 Re7 27. Qc5 Ref7 28. b4 Ng7 29. c4 Ne6 30. Qd6 Nf4 31. c5 Re8 32. b5 Re2+ 33. Kf1 Rxg2 34. c6 bxc6 35. bxc6 Rc2 36. Qb8+ Kg7 37. Qe5+ Kh6 38. Qd6+ Ng6 39. Ke1 Rxf3 40. Qe6 Ra3 41. Qf6 Rh3 42. Kd1 Ra2 0-1